000 00428nam a2200097Ia 4500
082 _a342.068 PROM
245 0 _aPromotion of Equality and Prevention of Unfair Discrimination Act 4 of 2000 ; Promotion of Access to Information Act 2 of 2000 ; Promotion of Administrative Justice Act 3 of 2000 & related material
100 _a South Africa Claremont, 2010
_924257
942 _cBK
008 210816s9999 xx 000 0 und d
999 _c96423
_d96422